000
00277 a2200109 4500
001
54988
090
_c
34083
_d
34083
100
_a
Cconnor, Kevin M.
245
_a
Calculus Labs for MATLAB
_c
connor Kevin M.
260
_a
London
_b
Jones And Barlett Pub, London
_c
2005
300
_a
vii, 121 p
942
_a
NUST-CAE
999
_c
290061
_d
290061